| 000 | 00714nam a22002055i 4500 | ||
|---|---|---|---|
| 001 | 167903 | ||
| 003 | ES-MaACL | ||
| 005 | 20240516063104.0 | ||
| 008 | 051004q18501950sp | |||||||| ||spa d | ||
| 040 |
_aCAM _bspa _cCAM |
||
| 100 | 0 |
_aWells, H. G., _d1866-1946 _9116458 |
|
| 245 | 1 | 0 |
_aKipps _b: the story of a simple soul / _cH.G: Wells. |
| 260 |
_aLondon [etc.] : _bThomas Nelson and Sons, _c[s.a.] |
||
| 300 |
_a381 p. ; _c16 cm. |
||
| 596 | _aImpreso probablemente a finales del S. XIX, principios del S. XX. | ||
| 710 | 2 |
_aThomas Nelson and Sons. _9134972 |
|
| 752 |
_aGran BretaƱa - _dLondres |
||
| 852 |
_aES-MaACL _jG-2078 _z-- Enc. editorial en tela roja |
||
| 999 |
_c167903 _d167903 |
||